Регионална библиотека "Любен Каравелов" - Русе

Мрачна равнина (Запис номер 346633)

MARC детайли
000 -Лидер
Контролно поле с фиксирана дължина 01105nam a2200265 4500
003 - Код на организацията, давaща контролен номер
Контролно поле BLK
005 - Дата и час на последна редакция
Контролно поле 20240420160656.0
008 - Елементи от данни с фиксирана дължина
fixed length control field 191118b bu ||||| |||| 00| 0 bu d
020 ## - Международен стандартен номер на книга ISBN
Международен стандартен номер на книга ISBN 9789542722946
040 ## - Източник на каталожния запис
Идентификатор на билиотеката - собственик на записа BLK
041 ## - Код за език
Код за езика на текст/звукозапис или на отделно заглавие Български
Код за езика КДБФ Български
080 ## - УДК
Текстов определител УДК Английска литература
УДК код - определител по УДК 821.111
УДК определител -311.9
УДК - код + определител 821.111-311.9
100 ## - Редна дума - Автор
Автор Рийв, Филип
Авторска отговорност първи автор
R(LIN) 1299
139 ## - Редно поле
Редна дума Рийв, Филип
Авторски знак Риз - Р 60
245 ## - Сведения за заглавието
Заглавие Мрачна равнина
Редно поле (дума) Филип Рийв ; прев. от англ. ез. Десислава Недялкова
257 ## - Страна на издаване
Страна на създаване/издаване България
260 ## - Област на издателските данни
9 (RLIN) 209434
Място на издаване, разпространение и проч. София
Име на издателя, разпространителя и проч. Егмонт България
Година на издаване 2019
Печатница (София : Инвестпрес)
Издателство - префикс ISBN 978-954-27- ; 954-446-
300 ## - Физическа характеристика
Страници 559 с.
Размери/Мащаб 21 см
380 ## - Жанр
Жанр Худож. лит.
500 ## - Общи забележки
Забележка Ориг. загл.: Darkling plain / Philip Reeve. - Кн. 4 от поредицата "Смъртоносни машини"
700 ## - Други автори (авторска отговорност)
9 (RLIN) 1021
Лично име Недялкова, Десислава Благоева
Автороска отговорност (Описва отношението между автора и произведението) прев. от англ.
852 ## - Местоположение
Форматна сигнатура Цб 297300
Фондова буква Хранилище
999 ## - СИСТЕМНИ КОНТРОЛНИ НОМЕРА
Koha biblionumber 346633
Koha biblioitemnumber 346633
942 ## - АРТИКУЛИ
Източник на класификационната схема Universal Decimal Classification
Вид на библиотечния материал Книги
Скрит в OPAC Не
Периодичен библиозапис Да
Koha issues (borrowed), all copies 3
999 ## - СИСТЕМНИ КОНТРОЛНИ НОМЕРА
Koha biblioitemnumber 346633
944 ## - СЪЗДАВАНЕ И РЕДАКЦИЯ на ЗАПИСА
Служител, извършил регистрацията/редакцията 30546
Статус, дата на статуса Ренета Константинова
Наличности
Код за отписване Код за изгубен артикул Източник на класификационната схема Код за повреда Коз за рестрикции Код за отдаване Артикулен № Име на библиотеката - собственик Име на библиотеката, в която се намира в момента Статус (Текущо местоположение) Дата на вписване в системата Местоположение - отдел Цена в лева Систематично азбучна сигнатура Баркод Цена в евро Служебен тип на артикула
  Не е изгубен Universal Decimal Classification Не е повреден само за читалня ползва се в читалня 749588 Регионална библиотека "Любен Каравелов" Русе Регионална библиотека "Любен Каравелов" Русе Хранилище 2019-11-21 Хранилище 14.90 Цб 297300 120000837680 7.62 Книги
  Не е изгубен Universal Decimal Classification Не е повреден без рестрикции заемане за дома 803556 Регионална библиотека "Любен Каравелов" Русе Регионална библиотека "Любен Каравелов" Русе Заемна - подръчен фонд 2020-10-19 Заемна - подръчен фонд 11.00 821-31/Р 60 Ф 120000849233 5.62 Книги
Vip Innovations Ltd, Rousse, Bulgaria 2025